Tratado de los contratos de empresa
Guardado en:
| Autor principal: | |
|---|---|
| Formato: | Libro |
| Lenguaje: | español |
| Publicado: |
Buenos Aires
Depalma
1998
|
| Materias: | |
| Etiquetas: |
Agregar Etiqueta
Sin Etiquetas, Sea el primero en etiquetar este registro!
|
MARC
| LEADER | 00000nam a2200000 a 4500 | ||
|---|---|---|---|
| 001 | UCP3140 | ||
| 003 | CL-VaPUC | ||
| 008 | 990611e19980000AG |||||||||||||||||spa|d | ||
| 082 | 0 | 4 | |a 346.02 |b MAR |2 21 |
| 100 | |a Martorell, Ernesto Eduardo |e autor |9 587681 | ||
| 245 | 1 | 0 | |a Tratado de los contratos de empresa |
| 300 | |a 3v | ||
| 942 | |c BK | ||
| 945 | |d 19990611 00:00:00 |a rbrito | ||
| 260 | |a Buenos Aires |b Depalma |c 1998 | ||
| 650 | 7 | |a LEASING |2 CL-VaPUC |9 257941 | |
| 650 | 0 | |a Factoring |9 357443 | |
| 650 | 7 | |a UNDERWRITING |2 CL-VaPUC |9 430293 | |
| 650 | 7 | |a CONTRATOS BANCARIOS |2 CL-VaPUC |9 339465 | |
| 650 | 0 | |a Compraventa |9 255413 | |
| 650 | 0 | |a Joint ventures |9 430294 | |
| 650 | 7 | |a CONCESION |2 CL-VaPUC |9 384480 | |
| 583 | |a last modification |c 19990611 00:00:00 |k Rodrigo Vera | ||
| 999 | |c 281566 |d 281564 | ||
| 952 | |0 0 |1 0 |4 0 |6 346_020000000000000_MAR_1998 |7 0 |8 A |9 322405 |a BIBDER |b BIBDER |d 2019-11-20 |h v.1 |i 352745K |o 346.02 MAR 1998 |p 352745K |r 2023-01-25 |w 2019-11-20 |y BK |k DER | ||
| 952 | |0 0 |1 0 |4 0 |6 346_020000000000000_MAR_1998 |7 0 |8 A |9 322406 |a BIBDER |b BIBDER |d 2019-11-20 |h v.2 |i 3527468 |o 346.02 MAR 1998 |p 3527468 |r 2023-01-25 |w 2019-11-20 |y BK |k DER | ||
| 952 | |0 0 |1 0 |4 0 |6 346_020000000000000_MAR_1998 |7 0 |8 A |9 322407 |a BIBDER |b BIBDER |d 2019-11-20 |h v.3 |i 3527476 |o 346.02 MAR 1998 |p 3527476 |r 2019-11-20 |w 2019-11-20 |y BK |k DER | ||